State without honour: women workers in India's anganwadis (Record no. 9166)

MARC details
000 -LEADER
fixed length control field 00520nam a2200169Ia 4500
020 ## - INTERNATIONAL STANDARD BOOK NUMBER
ISBN 9780199468164
082 ## - DEWEY DECIMAL CLASSIFICATION NUMBER
Classification number 331.40954 SRE-S
100 ## - MAIN ENTRY--AUTHOR NAME
Personal name Sreerekha, M.S.
245 #0 - TITLE STATEMENT
Title State without honour: women workers in India's anganwadis
260 ## - PUBLICATION, DISTRIBUTION, ETC. (IMPRINT)
Place of publication New Delhi
Name of publisher Oxford University Press
Year of publication 2017
300 ## - PHYSICAL DESCRIPTION
Number of Pages xv, 295p
504 ## - BIBLIOGRAPHY, ETC. NOTE
Bibliography, etc includes bibliograpgy and index
650 ## - SUBJECT ADDED ENTRY--TOPICAL TERM
Topical Term Honorary citizenship
Form subdivision Honorary officials and employees
650 ## - SUBJECT ADDED ENTRY--TOPICAL TERM
Topical Term Women workers
Geographic subdivision India
650 ## - SUBJECT ADDED ENTRY--TOPICAL TERM
Topical Term Anganwadi workers
Geographic subdivision India
942 ## - ADDED ENTRY ELEMENTS (KOHA)
Koha item type Books
Holdings
Withdrawn status Lost status Damaged status Not for loan Home library Current library Date acquired Source of acquisition Bill Date Full call number Accession Number Price effective from Koha item type
        NASSDOC Library NASSDOC Library 20/03/2018 OP 2018-02-28 331.40954 SRE-S 49684 18/04/2019 Books